<?xml version="1.0" encoding="UTF-8"?>
<collection xmlns="http://www.loc.gov/MARC21/slim">
    <record>
        <controlfield tag="001">6309</controlfield>
        <controlfield tag="005">20150325135849.0</controlfield>
        <datafield tag="037" ind1=" " ind2=" ">
            <subfield code="a">TAZ-PFC-2011-474</subfield>
        </datafield>
        <datafield tag="041" ind1=" " ind2=" ">
            <subfield code="a">spa</subfield>
        </datafield>
        <datafield tag="100" ind1="1" ind2=" ">
            <subfield code="a">Vicent Ibáñez, Sergio</subfield>
        </datafield>
        <datafield tag="245" ind1="0" ind2="0">
            <subfield code="a">Sustainability in electrical transportation</subfield>
        </datafield>
        <datafield tag="260" ind1=" " ind2=" ">
            <subfield code="a">Zaragoza</subfield>
            <subfield code="b">Universidad de Zaragoza</subfield>
            <subfield code="c">2011</subfield>
        </datafield>
        <datafield tag="506" ind1=" " ind2=" ">
            <subfield code="a">by-nc-sa</subfield>
            <subfield code="b">Creative Commons</subfield>
            <subfield code="c">3.0</subfield>
            <subfield code="u">http://creativecommons.org/licenses/by-nc-sa/3.0/</subfield>
        </datafield>
        <datafield tag="521" ind1=" " ind2=" ">
            <subfield code="a">Ingeniero Técnico Industrial (Esp. Electricidad)</subfield>
        </datafield>
        <datafield tag="520" ind1=" " ind2=" ">
            <subfield code="a">El propósito del presente proyecto es el de arrojar cierta luz acerca de la sostenibilidad real de los vehículos eléctricos. Concretamente se centra en la comparativa de coches eléctricos con vehículos de combustión interna. Dicha comparativa se realizará a tres niveles. En el primero se señala la manera en la que ambos tipos de vehículos afectan al medio ambiente. Las conclusiones se basan partiendo del análisis de ciclo de vida (LCA) de ambos tipos de vehículos. En el segundo se muestran las diferencias en tanto a eficiencia de ambos tipos de vehículos. Se distinguen tanto eficiencias parciales como totales para saber lo eficiente que resultan los vehículos y se extraen conclusiones a partir de ello. El tercer nivel de comparación se centra en términos económicos. Así pues, propone un análisis económico con precios reales de los vehículos usados para el modelo y se extraen diversas conclusiones, entre otras, se proponen medidas para que resulten atractivos al consumidor de cara a un futuro.</subfield>
        </datafield>
        <datafield tag="540" ind1=" " ind2=" ">
            <subfield code="a">Derechos regulados por licencia Creative Commons</subfield>
        </datafield>
        <datafield tag="653" ind1="1" ind2=" ">
            <subfield code="a">electric vehicles</subfield>
        </datafield>
        <datafield tag="653" ind1="1" ind2=" ">
            <subfield code="a">coche eléctrico</subfield>
        </datafield>
        <datafield tag="653" ind1="1" ind2=" ">
            <subfield code="a">sostenibilidad</subfield>
        </datafield>
        <datafield tag="653" ind1="1" ind2=" ">
            <subfield code="a">sustainability</subfield>
        </datafield>
        <datafield tag="700" ind1=" " ind2=" ">
            <subfield code="a">Kuiper, Bauke W.</subfield>
            <subfield code="e">dir.</subfield>
        </datafield>
        <datafield tag="700" ind1=" " ind2=" ">
            <subfield code="a">Latorre Martínez, María Pilar</subfield>
            <subfield code="e">dir.</subfield>
        </datafield>
        <datafield tag="710" ind1="2" ind2=" ">
            <subfield code="a">Universidad de Zaragoza</subfield>
            <subfield code="b">Dirección y Organización de Empresas</subfield>
            <subfield code="c">Organización de Empresas</subfield>
        </datafield>
        <datafield tag="856" ind1="0" ind2=" ">
            <subfield code="f">563691@celes.unizar.es</subfield>
        </datafield>
        <datafield tag="856" ind1="4" ind2=" ">
            <subfield code="s">1661229</subfield>
            <subfield code="u">http://zaguan.unizar.es/record/6309/files/TAZ-PFC-2011-474.pdf</subfield>
            <subfield code="y">Memoria (spa)</subfield>
        </datafield>
        <datafield tag="909" ind1="C" ind2="O">
            <subfield code="o">oai:zaguan.unizar.es:6309</subfield>
            <subfield code="p">proyectos-fin-carrera</subfield>
            <subfield code="p">driver</subfield>
        </datafield>
        <datafield tag="950" ind1=" " ind2=" ">
            <subfield code="a"></subfield>
        </datafield>
        <datafield tag="980" ind1=" " ind2=" ">
            <subfield code="a">TAZ</subfield>
            <subfield code="b">PFC</subfield>
            <subfield code="c">EUITIZ</subfield>
        </datafield>
    </record>

    
</collection>